Roma republicana: estrategias, expansión y dominios, 525-31 a.C

Furkejuvvon:
Bibliográfalaš dieđut
Váldodahkki: Buono-Core Varas, Raúl Andrés (Dahkki)
Materiálatiipa: Girji
Giella:espánnjágiella
Almmustuhtton: Valparaíso, Chile Universitarias de Valparaíso 2002
Ráidu:Serie Monografías Históricas, 14
Fáttát:
Fáddágilkorat: Lasit fáddágilkoriid
Eai fáddágilkorat, Lasit vuosttaš fáddágilkora!

MARC

LEADER 00000nam a2200000 a 4500
001 UCH7863
003 CL-VaPUC
005 20220830074201.0
008 091126e20020000CL |||||||||||||||||spa|d
999 |c 338209  |d 338207 
020 |a 9561703270 
040 |c Pontificia Universidad Católica de Valparaíso 
082 0 4 |a 937 BUO 2002  |2 21 
100 0 |a Buono-Core Varas, Raúl Andrés  |e author  |9 544249 
245 1 0 |a Roma republicana:  |b  estrategias, expansión y dominios, 525-31 a.C 
260 |a Valparaíso, Chile  |b Universitarias de Valparaíso  |c 2002 
300 |a 344 páginas 
490 0 |a Serie Monografías Históricas,  |v  14 
583 |a last modification  |c 20091126 00:00:00  |k Rodrigo Vera 
650 0 |a Historia de Roma   |9 315349 
650 0 |a Historia antigua  |9 267521 
650 7 |a EXPANSIONISMO  |2 CL-VaPUC  |9 452749 
650 0 |a Guerras  |9 255273 
650 0 |a Colonización  |9 265172 
650 0 |a Académicos   |x Pontificia Universidad Católica de Valparaíso (PUCV)  |9 255553 
650 0 |a Archivo histórico PUCV  |9 255554 
651 0 |a Roma   |9 255106 
651 0 |a Grecia  |9 265314 
942 |c BK  |2 ddc 
945 |d 20091126 00:00:00  |a cmena 
952 |0 0  |1 0  |2 ddc  |4 0  |6 937_000000000000000_BUO_2002  |7 0  |8 C  |9 431093  |a BIBCUR  |b BIBCUR  |d 2019-11-22  |i 4567099  |o 937 BUO 2002  |p 4567099  |r 2025-04-22  |t 1  |w 2019-11-22  |y BK  |k CAC